| 000 | 00529nam a2200169 4500 | ||
|---|---|---|---|
| 001 | 136351 | ||
| 003 | ES-MaACL | ||
| 007 | t| | ||
| 008 | 070214s1966 mx r ||||1| spa d | ||
| 100 | 1 |
_aRunciman, W. G. _9100997 |
|
| 245 | 1 | 0 |
_aEnsayos _b: Sociología y Política / _cW. G. Runciman ; [traducción... Florentino M. Torner]. |
| 250 | _a1ª ed. | ||
| 260 |
_aMéxico : _bFondo de Cultura Económica, _c1966. |
||
| 300 |
_a259 p. ; _c17 cm. |
||
| 700 | 1 |
_aTorner, Florentino M. _9110662 |
|
| 852 |
_aES-MaACL _jE-7375 _bR.91327 |
||
| 999 |
_c136351 _d136351 |
||